00384nam a2200157Ia 4500008004100000041001200041082000600053100004600059100000600105245005400111260001400165260001800179260000900197300001400206650000600220150909s9999 xx 000 0 und d aEnglish b- aMinistry of Agriculture And Irrigation  e- aRainfall and cropping Patterns : Tamilnadu V.11 * aNew Delhi bGovt Of India c1976 a42 Pages a-